| 000 | 01026cab a22002415a 4500 | ||
|---|---|---|---|
| 001 | L160011 | ||
| 008 | 150113e2016 xxk 000 0 eng d | ||
| 035 | _a(Sirsi) u160011 | ||
| 041 | 0 | _aeng | |
| 050 | _a690.241 | ||
| 100 | 1 | _aMcCollum, Chris | |
| 245 | 0 | 0 |
_aNeedle points _h[electronic resource] |
| 260 |
_aLondon _bRICS _c2016 |
||
| 490 |
_aRICS Building Surveying Journal _vJuly 2016 - August 2016, 30-32(3) |
||
| 520 | _aDescribes the technical, philosophical and practical stages involved in the conservation of an historic stone Beresford Obelisk at Ballyquin. | ||
| 650 | 2 | 4 | _aSTONE |
| 650 | 2 | 4 | _aBUILT ENVIRONMENT-BUILDING MAINTENANCE AND REFURBISHMENT-BUILDING CONSERVATION |
| 690 | _aConservation and restoration | ||
| 700 | 1 | _aMoore, Kenny | |
| 856 | 4 | 0 |
_uhttps://www.rics.org/Global/BSJ%20BCJ%20July%20August%202016.pdf _zView the article free of charge at www.rics.org... |
| 856 | 4 | 0 |
_uhttps://www.rics.org/Global/BSJ%20BCJ%20July%20August%202016.pdf _yAvailable free online via Issuu |
| 942 |
_n0 _2ddc |
||
| 999 |
_c85127 _d85127 |
||